| 000 | 004710000a22001810004500 | ||
|---|---|---|---|
| 003 | MACL | ||
| 005 | 20150930142909.0 | ||
| 008 | 150930b xxu||||| |||| 00| 0 eng d | ||
| 040 |
_aMACL _cMACL |
||
| 041 | _aEnglish | ||
| 082 | _a891.43/BHA | ||
| 100 |
_aBhat, Thirumaleshwara N. _912861 |
||
| 245 |
_aGovind Pai _bMakers of Indian Literature |
||
| 260 |
_bSahitya Akademi _c1993 _aNew Delhi |
||
| 350 | _a15 | ||
| 650 |
_aLiterature _912862 |
||
| 942 |
_cBK _k891.43 _2ddc |
||
| 999 |
_c20205 _d20205 |
||